| 000 | 00596nam a2200169 4500 | ||
|---|---|---|---|
| 001 | 131918 | ||
| 003 | ES-MaACL | ||
| 005 | 20230906194054.0 | ||
| 007 | t| | ||
| 008 | 070214s1969 sp r ||||1| spa d | ||
| 100 | 1 |
_aRodríguez Navarro, Eloy. _998696 |
|
| 245 | 1 | 0 |
_aSéneca _b: religión sin mitos / _cEloy Rodríguez Navarro. |
| 260 |
_aMadrid : _bUniversidad, Seminario de Historia de los Sistemas Filosóficos, _c1969. |
||
| 300 |
_a256 p. ; _c19 cm. |
||
| 710 | 2 |
_aUniversidad de Madrid. _bSeminario de Historia de los Sistemas Filosóficos. _97217 |
|
| 852 |
_aES-MaACL _jC-50865 _bR.69716 |
||
| 999 |
_c131918 _d131918 |
||